Slovnaft sa predstavuje kvalitou

Podrobná bibliografia
Hlavný autor: (sk) (Autor)
Médium: Článok
Jazyk:slovenčina
Fyzický popis:Obr. 1.
Predmet:

MARC

LEADER 00000nab a2200000 a 4500
001 vtls000062232
003 SK-MaSNL
005 20260303024706.0
008 111103c1980 xo 0 slo
015 |a SNBRB19rr/mm-uuuuu 
035 |a CL0072332 
040 |a SNKBUCL  |b slo  |c SNKBUCL  |e AACR2 
041 0 |a slo 
044 |a xo  |c SK 
080 |a 66  |2 1981 
080 |a 339.1  |2 1981 
100 1 |a (sk)  |4 aut  |9 818831 
245 1 0 |a Slovnaft sa predstavuje kvalitou  |c (Sk) 
300 |b Obr. 1. 
650 0 7 |a chemický priemysel  |2 snkbucl  |9 69615 
650 0 7 |a Incheba  |2 snkbucl  |9 924797 
650 0 7 |a Slovnaft, n.p., Bratislava  |2 snkbucl  |9 921124 
651 7 |a 5100  |2 snkbucl  |9 166206 
655 7 |a články z novín a časopisov  |2 snkbucl  |9 267496 
773 0 |t Technické noviny  |g Roč. 28, č. 26 (1980), s. 12 
850 |a Slovenská národná knižnica v Martine  |a MTA001 
852 |a SNK  |b KIS3GCP 
958 |a RK 
992 |a RBX 
999 |c 1642024  |d 1643954